Joueurs de Foot nés dans le Grand Est - Statistiques

Statistiques générales
  • Ce quiz a été pris 92 fois
    82 depuis la dernière actualisation
  • Le résultat moyen est 6 sur 10
Statistiques - réponses
Par images Réponse % Correct
Platini
99%
Clauss
93%
Wenger
90%
Koulibaly
72%
Boudebouz
63%
Schneiderlin
51%
Cuisance
45%
Gurtner
39%
Weissbeck
18%
Grégoire Claude
1%
Aucun quiz correspondant
Distribution des résultats
% des personnes avec chaque résultat
Percentile par nombre de réponses
Votre historique - résultats
Vous n’avez pas pris ce quiz depuis la dernière actualisation